000 00898nas a2200289 4500
001 BR2013008878
003 BR-BrBNA
005 20231205123153.0
007 ta
008 230509b bl.|||p| |||| 00| 00por d
040 _aBR-BrBNA
_bpor
_cBiblioteca Nacional de Agricultura
041 _a(Pt)
072 _aQ70; F08; H01
100 1 _aRodrigues, L. dos S.
100 1 _aSilva, I.J. da
100 1 _aLopes, B.C.
100 1 _aSpelta, A.C.F.
245 1 _aGerenciamento de resíduos sólidos agrossilvopastoris e agroindustriais
650 _aRESÍDUO INDUSTRIAL
650 _aRESÍDUO ORGÂNICO
650 _aAGROSSILVICULTURA
650 _aAGROTÓXICO
650 _aCOMPOSTAGEM
773 0 _tCadernos Técnicos de Veterinária e Zootecnia (Brazil)
_xISSN 1676-6024
_g(May 2013), no. 68 p. 47-62
_wBR2013008878
909 _a202311
_bLúcia
_c55
_dLúcia Elande
942 _2AGRIS
_n0
_cANA
999 _c232515
_d232515